000 00510nam a2200169 i 4500
001 bg
100 1 _aDOBIES, Ryszard
245 0 _aMetodyka konstruowania sprzętu elektronicznego /
_cR. Dobies.
260 _aWarszawa,
_c1987.
490 1 _aBiblioteka Konstruktora i Technologa Sprzętu Elektronicznego
830 _aBiblioteka Konstruktora i Technologa Sprzętu Elektronicznego
040 _cBPK
041 _apol
080 _a621.37/.38(07)
942 _cKS
008 s pl f |000 0 pol
999 _c3418
_d3418
856 _uhttp://koha.tu.koszalin.pl/cgi-bin/koha/opac-detail.pl?biblionumber=3418
_yKatalog online BPK